Melon obser vation in rainny season 2001, ពិសោធន៏តាមដានពូជមីឡុងក្នុងលក្ខខ៏ណ្ឌរដូវវស្សាសឆ្នាំ២០០១ (Record no. 1347)

000 -LEADER
fixed length control field 00563nam a22001577a 4500
003 - CONTROL NUMBER IDENTIFIER
control field OSt
005 - DATE AND TIME OF LATEST TRANSACTION
control field 20150927153237.0
008 - FIXED-LENGTH DATA ELEMENTS--GENERAL INFORMATION
fixed length control field 150927b xxu||||| |||| 00| 0 eng d
040 ## - CATALOGING SOURCE
Transcribing agency RUA
082 ## - DEWEY DECIMAL CLASSIFICATION NUMBER
Classification number AGR SIM 2001 B012 Or.1
100 ## - MAIN ENTRY--PERSONAL NAME
9 (RLIN) 1433
Personal name SIM, VANNAK.
245 ## - TITLE STATEMENT
Title Melon obser vation in rainny season 2001, ពិសោធន៏តាមដានពូជមីឡុងក្នុងលក្ខខ៏ណ្ឌរដូវវស្សាសឆ្នាំ២០០១
260 ## - PUBLICATION, DISTRIBUTION, ETC. (IMPRINT)
Place of publication, distribution, etc. Phnom Penh
Name of publisher, distributor, etc. RUA
Date of publication, distribution, etc. 2001
300 ## - PHYSICAL DESCRIPTION
Extent 60p.
Other physical details ill.
Dimensions 29cm.
942 ## - ADDED ENTRY ELEMENTS (KOHA)
Source of classification or shelving scheme
Koha item type AGR
Holdings
Price effective from Date last seen Permanent Location Not for loan Date acquired Source of classification or shelving scheme Koha item type Lost status Withdrawn status Date last checked out Total Checkouts Shelving location Damaged status Barcode Current Location Full call number
2015-09-272015-09-27Library Block B 2015-09-27 AGR    B012 RUA019412Library Block BAGR SIM 2001 B012 Or.1
2015-11-062015-11-06Library Block B 2015-11-06 AGR      RUA037684Library Block BAGR SIM 2001 B012 Or.2
2015-11-062015-11-06Library Block B 2015-11-06 AGR      RUA035314Library Block BAGR SIM 2001 B012 Or.3
2023-09-112023-09-11Library Block B 2023-09-11 AGR  2023-09-111  RUA002283Library Block BAGR SIM 2001 B012 Or.4
មជ្ឈមណ្ឌលឯការនៃសាកលវិទ្យាល័យភូមិន្ទកសិកម្មចំការដូង

Powered by Koha